<?xml version="1.0" encoding="UTF-8"?>
<collection xmlns="http://www.loc.gov/MARC21/slim">
 <record>
  <leader>00669pamaa2200181   4500</leader>
  <controlfield tag="001">0000022419</controlfield>
  <controlfield tag="005">20070104090000.0</controlfield>
  <datafield tag="020" ind1="0" ind2="0">
   <subfield code="a">[ nil ] </subfield>
  </datafield>
  <datafield tag="090" ind1="0" ind2="0">
   <subfield code="a">PR1309.S5 </subfield>
   <subfield code="b">REA 1984</subfield>
  </datafield>
  <datafield tag="245" ind1="0" ind2="0">
   <subfield code="a">READER'S Digest condensed books : </subfield>
   <subfield code="b">The sound of wings by Spencer Dunmore, The suitcases by Anne Hall Whitt, The keys of the kingdom by A.J. Cronin and Callanish by William Horwood.</subfield>
  </datafield>
  <datafield tag="260" ind1="0" ind2="0">
   <subfield code="a">London: </subfield>
   <subfield code="b">Reader's Digest, </subfield>
   <subfield code="c">1984.</subfield>
  </datafield>
  <datafield tag="300" ind1=" " ind2=" ">
   <subfield code="a">510p.; </subfield>
   <subfield code="c">20cm.</subfield>
  </datafield>
  <datafield tag="600" ind1="1" ind2="0">
   <subfield code="a">Dunmore, Spencer </subfield>
   <subfield code="t">Sound of wings</subfield>
  </datafield>
  <datafield tag="600" ind1="1" ind2="0">
   <subfield code="a">Whitt, Anne Hall </subfield>
   <subfield code="t">Suitcases</subfield>
  </datafield>
  <datafield tag="600" ind1="1" ind2="0">
   <subfield code="a">Cronin, A.J. </subfield>
   <subfield code="t">Keys of the kingdom</subfield>
  </datafield>
  <datafield tag="600" ind1="1" ind2="0">
   <subfield code="a">Horwood, William </subfield>
   <subfield code="t">Callanish</subfield>
  </datafield>
  <datafield tag="650" ind1="0" ind2="0">
   <subfield code="a">Fiction </subfield>
  </datafield>
  <datafield tag="710" ind1="1" ind2="1">
   <subfield code="a">Reader's Digest </subfield>
  </datafield>
 </record>
</collection>
